000
00342 a2200157 4500
001
61435
020
_a
8576830574
040
_c
Anchieta - Pituba
100
_a
Gasparini, María Victoria
240
1
0
_a
Férias mágicas
_l
por
245
1
0
_a
Férias mágicas
300
_a
59
362
0
_a
2006
650
4
_a
Literatura juvenil
942
_c
BK
999
_c
61435
_d
61435